Majority English-Speaking Countries - Sudden Death - Statistics

General Stats
  • This quiz has been taken 74 times
  • The average score is 6 of 9
Answers on the Grid
Answers color-coded by a green-red scale on the quiz's grid according to % correct below.
United States
United Kingdom
Sri Lanka
Lesotho
Jamaica
Papua New Guinea
Australia
New Zealand
Sudan
Malta
Eswatini
Ireland
Canada
Zimbabwe
Botswana
Guyana
Namibia
Zambia
Barbados
Nigeria
Philippines
Uganda
India
Pakistan
Cameroon
 
Answer Stats
Answer % Correct
United States
100%
United Kingdom
94%
Australia
89%
New Zealand
85%
Canada
66%
Ireland
66%
Jamaica
45%
Philippines
15%
Nigeria
9%
No matching quizzes found
Score Distribution
Percent of People with Each Score
Percentile by Number Answered
Your Score History
You have not taken this quiz